01971nam a22002777a 4500008004100000020001800041040000800059041000800067050002800075100003300103245004100136260003800177300003100215520104900246650003201295650002701327650004101354650002801395651003701423651006001460655002701520655003001547942000801577952009301585999001501678251015b |||||||| |||| 00| 0 eng d a9780778311973 ctbs aeng aPS3616.E5563 bL67 2021 aPenner, Sarah926175eauthor aThe lost apothecaryc/ Sarah Penner. aOntario :bPark Row Books,c2022. a316 pages :bmap ;c21 cm. aHidden in the depths of eighteenth-century London, a secret apothecary shop caters to an unusual kind of clientele. Women across the city whisper of a mysterious figure named Nella who sells well-disguised poisons to use against the oppressive men in their lives. But the apothecary’s fate is jeopardized when her newest patron, a precocious twelve-year-old, makes a fatal mistake, sparking a string of consequences that echo through the centuries. Meanwhile in present-day London, aspiring historian Caroline Parcewell spends her tenth wedding anniversary alone, running from her own demons. When she stumbles upon a clue to the unsolved apothecary murders that haunted London two hundred years ago, her life collides with the apothecary’s in a stunning twist of fate—and not everyone will survive. With crackling suspense, unforgettable characters and searing insight, The Lost Apothecary is a subversive and intoxicating debut novel of secrets, vengeance and the remarkable ways women can save each other despite the barrier of time. 0aPharmacistsvFiction926176 0aMurdervFiction925440 0aMurderxInvestigationvFiction97769 0aSecrecyvFiction925722 0aLondon (England)vFiction924106 0aLondon (England)xHistoryy18th centuryvFiction926177 0aMystery fiction922735 0aHistorical fiction922722 2lcc 00102lcc4070aTBSbTBSd2025-10-15l0oP-EN PENpB07696r2025-10-15t1w2025-10-15y1 c5051d5051